000
00217nam a22000857a 4500
008
170119b xxu||||| |||| 00| 0 eng d
100
_9
2487
_a
Dorling Kindersley
245
_a
Ask me Anything
260
_a
New delhi
_b
D.K.
_c
2009
999
_c
5553
_d
5553